00719nam a22001697a 4500003000900000008004100009040007100050082002000121100003000141245004100171260004200212300002900254505016800283650003100451650001900482650004800501AR-CdUCM190320b ||||| |||| 00| 0 spa d aMUNICIPALIDAD PROVINCIAL DEL CUSCOcBIBLIOTECA MUNICIPAL DEL CUSCO a869.964 / bP63 aPita Rodríguez, Félix aPoesía /cFélix Pita Rodríguez aLa Habana : bLetras cubanas, c1978. a352 páginas ; c24 cm. aContenido: Tomo I: Primeros poemas -- Corcel de fuego -- Fuente callada -- Baladas y nocturnos -- Landas innumerables -- Romances de América la bien guardada ... aPoesía - Cuba - Siglo XX aPoetas cubanos aFelix Pita Rodriguez - Poemas - Antología